| 000 | 00710nam a2200193Ia 4500 | ||
|---|---|---|---|
| 008 | 090124s9999 xx 000 0 und d | ||
| 020 | _a81-7486-490-3 | ||
| 082 | _b43460 | ||
| 100 | _aराजाध्यक्ष विजया | ||
| 245 | _aBAHUPEDI VINDA बहुपेडी विंदा खंड 1 | ||
| 250 | _a1 | ||
| 260 |
_bमौज प्रकाशन _c2005 |
||
| 300 | _a312 | ||
| 600 | _aराजाध्यक्ष विजया | ||
| 630 | _aBAHUPEDI VINDA बहुपेडी विंदा खंड 1 | ||
| 700 | _aराजाध्यक्ष विजया | ||
| 730 | _aBAHUPEDI VINDA बहुपेडी विंदा खंड 1 | ||
| 942 | _cBOOK | ||
| 999 |
_c109690 _d109690 |
||